[Event "4NCL/Div3/E2E43 vs. GUI4"]
[Site "Wokefield Park ENG"]
[Date "2010.05.03"]
[Round "11.2"]
[White "Horlock, Peter J"]
[Black "Livesey, R Nigel"]
[Result "1/2-1/2"]
[WhiteElo "1746"]
[BlackElo "1893"]
[PlyCount "91"]
[EventDate "2010.05.03"]
[SourceDate "2009.10.24"]

1. e4 Nf6 2. e5 Nd5 3. d4 d6 4. exd6 exd6 5. c4 Nb6 6. Nf3 Be7 7. Bd3 Bg4 8.
Bd2 Nc6 9. Bc3 Bf6 10. O-O O-O 11. b3 g6 12. Be2 Re8 13. h3 Bf5 14. Nbd2 d5 15.
c5 Nc8 16. Bb5 Bd7 17. a4 N8e7 18. Re1 a6 19. Bxc6 Nxc6 20. Ne5 Nxe5 21. dxe5
Bg7 22. Nf3 c6 23. Qd2 Qc7 24. Re2 Be6 25. Rae1 Qe7 26. Nd4 Qd7 27. f4 Bf8 28.
b4 a5 29. f5 Bxf5 30. Nxf5 Qxf5 31. Rf1 Qd7 32. Rf6 Re6 33. Ref2 Rxf6 34. Rxf6
axb4 35. Bxb4 Rxa4 36. Qf4 Bg7 37. e6 Qe7 38. exf7+ Kh8 39. f8=Q+ Bxf8 40.
Rxf8+ Kg7 41. Bc3+ d4 42. Bxd4+ Rxd4 43. Qxd4+ Kxf8 44. Qh8+ Kf7 45. Qxh7+ Kf6
46. Qh4+ 1/2-1/2

[Event "4NCL/Div3/E2E43 vs. GUI4"]
[Site "Wokefield Park ENG"]
[Date "2010.05.03"]
[Round "11.3"]
[White "Booley, Graham M"]
[Black "Sathiraju, Vijay"]
[Result "1/2-1/2"]
[WhiteElo "1906"]
[BlackElo "1740"]
[PlyCount "69"]
[EventDate "2010.05.03"]
[SourceDate "2009.10.24"]

1. e4 e6 2. d4 d5 3. e5 c5 4. c3 Qb6 5. Nf3 Nc6 6. Bd3 Nh6 7. O-O cxd4 8. cxd4
Nf5 9. Bxf5 exf5 10. Nc3 Be6 11. Na4 Qb5 12. Be3 b6 13. Rc1 Rc8 14. b3 Ba3 15.
Rc2 h6 16. Bc1 Be7 17. Nc3 Qa6 18. a3 O-O 19. b4 Qb7 20. Qd3 a6 21. Ne2 Nb8 22.
Rxc8 Rxc8 23. Be3 Qd7 24. Ng3 g5 25. Nh5 Qd8 26. h3 f4 27. Bd2 Rc4 28. Nh2 Nc6
29. Bc3 Qc8 30. Bb2 Bf5 31. Qf3 Be4 32. Qg4 Qxg4 33. Nxg4 Nxd4 34. f3 Bg6 35.
Nhf6+ 1/2-1/2

[Event "4NCL/Div3/E2E43 vs. GUI4"]
[Site "Wokefield Park ENG"]
[Date "2010.05.03"]
[Round "11.4"]
[White "Yiamakis, Albert"]
[Black "Turvey, Steven S"]
[Result "1-0"]
[WhiteElo "1650"]
[BlackElo "1856"]
[PlyCount "95"]
[EventDate "2010.05.03"]
[SourceDate "2009.10.24"]

1. e4 e5 2. Nf3 Nc6 3. Bb5 a6 4. Ba4 Bc5 5. O-O Nge7 6. c3 b5 7. Bb3 d6 8. Ng5
d5 9. exd5 Na5 10. Qh5 Ng6 11. Bc2 Bd6 12. d4 Qd7 13. dxe5 Nxe5 14. Nxh7 Kd8
15. Qg5+ f6 16. Nxf6 Nf3+ 17. gxf3 Bxh2+ 18. Kh1 Bf4+ 19. Nh7+ Bxg5 20. Bxg5+
Qe7 21. Bxe7+ Kxe7 22. Nd2 Kf7 23. Kg1 Bd7 24. Ng5+ Kf8 25. Ne6+ Bxe6 26. dxe6
Ke7 27. Rfe1 Rad8 28. Rad1 Rd5 29. f4 Rdh5 30. Nf3 Rh1+ 31. Kg2 Rxe1 32. Rxe1
Nc4 33. b3 Nb6 34. Nd4 Nd5 35. c4 Nxf4+ 36. Kf3 Nh5 37. Nc6+ Kf6 38. e7 Re8 39.
Rg1 g5 40. Rh1 Nf4 41. cxb5 axb5 42. Rh6+ Kg7 43. Rh7+ Kf6 44. Kg4 Rg8 45. Nd8
Re8 46. Rf7+ Ke5 47. Nc6+ Ke6 48. Rf8 1-0

[Event "4NCL/Div3/E2E43 vs. GUI4"]
[Site "Wokefield Park ENG"]
[Date "2010.05.03"]
[Round "11.5"]
[White "Foster, Chantelle L"]
[Black "Galer, Sebastian E"]
[Result "1-0"]
[WhiteElo "1682"]
[BlackElo "1730"]
[PlyCount "141"]
[EventDate "2010.05.03"]
[SourceDate "2009.10.24"]

1. e4 e5 2. Nf3 Nc6 3. Bb5 a6 4. Ba4 Be7 5. O-O b5 6. Bb3 Nf6 7. Re1 d6 8. h3
O-O 9. c3 Na5 10. Bc2 c5 11. d4 cxd4 12. cxd4 Nc6 13. Be3 Bb7 14. a3 Rc8 15.
Nc3 Re8 16. Qd3 g6 17. Rad1 Bf8 18. Bg5 h6 19. Bxf6 Qxf6 20. Nd5 Qd8 21. dxe5
Nxe5 22. Nxe5 dxe5 23. Bb3 Bc5 24. Qf3 Bxd5 25. exd5 Qd7 26. Qf6 Qd6 27. Qxd6
Bxd6 28. Rc1 Bc5 29. Red1 Bd4 30. Rc6 Rxc6 31. dxc6 Rc8 32. Bd5 Bxb2 33. Rd3
Bd4 34. Rf3 Bb6 35. Rxf7 Kh8 36. Rb7 Bc5 37. Rd7 Bb6 38. Bf3 Rc7 39. Rd6 Rg7
40. Be4 Kh7 41. Re6 Bc7 42. Kf1 a5 43. Ke2 b4 44. axb4 axb4 45. Bc2 Bb6 46. f3
Bc7 47. Kd1 h5 48. Kc1 h4 49. Kb2 Kh6 50. Kb3 Kg5 51. Kxb4 Kf4 52. Rxg6 Rxg6
53. Bxg6 Kg5 54. Be8 Kf6 55. Bd7 Ke7 56. Kc5 Kf6 57. Kd5 Ke7 58. Ke4 Kd8 59.
Kf5 Bd6 60. Kg4 Be7 61. g3 hxg3 62. Kxg3 Bd6 63. Kg4 Ke7 64. Kf5 Kf7 65. h4 Bc7
66. Be6+ Kg7 67. h5 Bb8 68. Kg5 Bc7 69. h6+ Kh7 70. Bf5+ Kh8 71. Kf6 1-0

[Event "4NCL/Div3/E2E43 vs. GUI4"]
[Site "Wokefield Park ENG"]
[Date "2010.05.03"]
[Round "11.6"]
[White "Driver, Nicholas"]
[Black "Dean, Michael"]
[Result "1-0"]
[WhiteElo "1722"]
[BlackElo "1691"]
[PlyCount "27"]
[EventDate "2010.05.03"]
[SourceDate "2009.10.24"]

1. e4 e5 2. Nf3 Nc6 3. Bc4 Bc5 4. c3 Nf6 5. d4 exd4 6. O-O d6 7. cxd4 Bb6 8.
Nc3 Bg4 9. e5 dxe5 10. Bxf7+ Kxf7 11. Ng5+ Kf8 12. Qb3 Qd7 13. dxe5 Nxe5 14. h3
{scoresheets illegible} 1-0

[Event "4NCL/Div3/HAL vs. OXF3"]
[Site "Wokefield Park ENG"]
[Date "2010.05.03"]
[Round "11.1"]
[White "Hurney, Kevin"]
[Black "Morris, Graham P"]
[Result "1/2-1/2"]
[WhiteElo "2090"]
[BlackElo "2034"]
[PlyCount "122"]
[EventDate "2010.05.03"]
[SourceDate "2009.10.24"]

1. e4 c5 2. Nf3 d6 3. d4 cxd4 4. Nxd4 Nf6 5. Nc3 e6 6. Be2 Be7 7. O-O O-O 8.
Be3 Nc6 9. f4 a6 10. a4 Qc7 11. Bf3 Bd7 12. Nb3 Na5 13. Nxa5 Qxa5 14. Qd2 Qc7
15. a5 Bc6 16. Bb6 Qb8 17. Rad1 Nd7 18. Be3 Qc7 19. e5 d5 20. Ne2 Bb5 21. Rf2
Bxe2 22. Rxe2 Qc4 23. b3 Qb5 24. c4 Qxb3 25. cxd5 Bb4 26. Qc2 Qxc2 27. Rxc2
exd5 28. Bxd5 Rad8 29. Rc7 Bxa5 30. Rxb7 Rfe8 31. Bxf7+ Kxf7 32. Rdxd7+ Rxd7
33. Rxd7+ Re7 34. Rd6 Re6 35. Rd5 Bc3 36. Bc5 g5 37. g3 gxf4 38. gxf4 Kg6 39.
Kg2 Kf5 40. Kf3 Rc6 41. Bd6 Rc4 42. Ke3 Rxf4 43. Kd3 Rf3+ 44. Kc4 Re3 45. Bc5
Rxe5 46. Rd7 h5 47. Bf2 Be1 48. Bd4 Re6 49. Kd5 Rg6 50. Rf7+ Kg4 51. Rf1 Bd2
52. Rg1+ Kf5 53. Rf1+ Kg4 54. Rg1+ Kf5 55. Rf1+ Kg4 56. Be5 h4 57. h3+ Kh5 58.
Ke4 Kh6 59. Rf8 Kg5 60. Rf5+ Kh6 61. Rf8 Kg5 1/2-1/2

[Event "4NCL/Div3/HAL vs. OXF3"]
[Site "Wokefield Park ENG"]
[Date "2010.05.03"]
[Round "11.2"]
[White "Hadi, Justin"]
[Black "Pugh, Glyn D"]
[Result "0-1"]
[WhiteElo "1970"]
[BlackElo "1978"]
[PlyCount "80"]
[EventDate "2010.05.03"]
[SourceDate "2009.10.24"]

1. e4 e6 2. Nf3 d5 3. Nc3 Nf6 4. e5 Nfd7 5. d4 c5 6. dxc5 Bxc5 7. Bf4 a6 8. Bd3
Nc6 9. O-O b5 10. Qd2 f6 11. exf6 Nxf6 12. Ne5 Nxe5 13. Bxe5 O-O 14. Qg5 Ra7
15. Rae1 Raf7 16. Qh4 g6 17. Kh1 Be7 18. f4 Qb6 19. Qg3 Nh5 20. Qg4 Bd6 21. g3
b4 22. Nd1 Nf6 23. Qh4 Ne4 24. Bxd6 Qxd6 25. Ne3 Bb7 26. Ng4 Kh8 27. Ne5 Rg7
28. Bxe4 dxe4 29. Rd1 e3+ 30. Kg1 Qb6 31. Ng4 Qc5 32. Nxe3 Qxe3+ 33. Rf2 Qe4
34. Kf1 Bd5 35. b3 Rc7 36. Rdd2 Rc3 37. Qe7 Kg8 38. f5 exf5 39. Qd7 Bf7 40. h4
Qh1+ 0-1

[Event "4NCL/Div3/HAL vs. OXF3"]
[Site "Wokefield Park ENG"]
[Date "2010.05.03"]
[Round "11.3"]
[White "Lee, Darren"]
[Black "Mate, Maria"]
[Result "1-0"]
[WhiteElo "1890"]
[BlackElo "1874"]
[PlyCount "115"]
[EventDate "2010.05.03"]
[SourceDate "2009.10.24"]

1. d4 Nf6 2. c4 e6 3. Nc3 d5 4. cxd5 exd5 5. Bg5 Be7 6. Qc2 Be6 7. e3 Nbd7 8.
Bd3 O-O 9. Nge2 h6 10. Bh4 Nb6 11. O-O Rc8 12. f3 c5 13. dxc5 Bxc5 14. Nd4 Re8
15. Bf2 Bxd4 16. exd4 Nfd7 17. Rac1 Qf6 18. Qb1 a6 19. b3 Nb8 20. a4 Nc6 21.
Qa1 Nxd4 22. Na2 Nxf3+ 23. Kh1 Qf4 24. Bg1 Rxc1 25. Nxc1 Qe5 26. Qxe5 Nxe5 27.
Bxb6 Rc8 28. Bb1 g6 29. Ne2 f5 30. Rc1 Rc6 31. Rxc6 bxc6 32. Nf4 Bf7 33. Bc7
Nd7 34. b4 c5 35. b5 axb5 36. axb5 Kf8 37. b6 Ke7 38. b7 g5 39. Nd3 d4 40. Nxc5
Bd5 41. Nxd7 Bxb7 42. Bxf5 d3 43. Ba5 Kd6 44. Bb4+ Kd5 45. Be4+ Kxe4 46. Nc5+
Ke3 47. Nxb7 d2 48. Bxd2+ Kxd2 49. g4 Ke3 50. Kg2 Kf4 51. h3 Ke5 52. Kf3 Kf6
53. Ke4 Kg6 54. Ke5 h5 55. Nd6 Kh6 56. Kf5 h4 57. Nf7+ Kg7 58. Nxg5 1-0

[Event "4NCL/Div3/HAL vs. OXF3"]
[Site "Wokefield Park ENG"]
[Date "2010.05.03"]
[Round "11.4"]
[White "Henbest, Kevin B"]
[Black "Doran, Michael J"]
[Result "1-0"]
[WhiteElo "1722"]
[BlackElo "1884"]
[PlyCount "41"]
[EventDate "2010.05.03"]
[SourceDate "2009.10.24"]

1. e4 e6 2. d4 d5 3. Nc3 Bb4 4. e5 c5 5. a3 Ba5 6. b4 cxb4 7. Nb5 b3+ 8. c3 Nc6
9. Nd6+ Kf8 10. Qf3 f6 11. Bd2 Bd7 12. Nh3 Bc7 13. Nxb7 Qe7 14. Nc5 Nxe5 15.
Nxd7+ Nxd7 16. Bb5 Rb8 17. a4 Nb6 18. O-O Nc4 19. Bxc4 dxc4 20. Rfe1 Nh6 21. d5
1-0

[Event "4NCL/Div3/HAL vs. OXF3"]
[Site "Wokefield Park ENG"]
[Date "2010.05.03"]
[Round "11.5"]
[White "Peck, Windsor WA"]
[Black "Langham, Rod E"]
[Result "1/2-1/2"]
[WhiteElo "1856"]
[BlackElo "1786"]
[PlyCount "201"]
[EventDate "2010.05.03"]
[SourceDate "2009.10.24"]

1. d4 d5 2. Nf3 e6 3. e3 Bd6 4. Bd3 f5 5. b3 Qe7 6. Bb2 Nd7 7. c4 c6 8. Nbd2
Ngf6 9. Ne5 O-O 10. h4 Ne4 11. a3 Qf6 12. f4 Qh6 13. g4 Bxe5 14. dxe5 Ndc5 15.
Bc2 Nxd2 16. g5 Qg6 17. h5 Qe8 18. Kxd2 dxc4 19. bxc4 b5 20. Bd4 Qe7 21. Kc3
Bb7 22. Bxc5 Qxc5 23. Qd4 Qxd4+ 24. exd4 bxc4 25. h6 g6 26. Kxc4 c5 27. Rhd1
Bd5+ 28. Kc3 cxd4+ 29. Rxd4 Rfc8+ 30. Kd2 Rc7 31. Rb1 Rac8 32. Rb2 Rc5 33. Rdb4
Kf7 34. Rb8 Rxc2+ 35. Rxc2 Rxb8 36. Rc7+ Kg8 37. Rxa7 Ra8 38. Rxa8+ Bxa8 39.
Kc3 Kf7 40. Kb4 Ke7 41. Kc5 Kd7 42. a4 Kc7 43. a5 Be4 44. a6 Bd3 45. a7 Be4 46.
Kb5 Bd5 47. Ka6 Bc4+ 48. Ka5 Kb7 49. Kb4 Bd5 50. Kc5 Kc7 51. Kb5 Kb7 52. Kc5
Bc6 53. Kb4 Kb6 54. Kc4 Bd5+ 55. Kb4 Bc6 56. Kc4 Be4 57. Kb4 Bd5 58. Ka4 Kc5
59. Ka5 Bb7 60. Ka4 Kd4 61. Kb5 Ke4 62. Kc5 Kxf4 63. Kd6 Kxg5 64. Kxe6 f4 65.
Kd6 f3 66. e6 f2 67. e7 f1=Q 68. e8=Q Qf4+ 69. Kc5 Qc7+ 70. Kb5 Kxh6 71. a8=Q
Bxa8 72. Qxa8 Qe5+ 73. Kc4 Qf4+ 74. Kd3 g5 75. Ke2 Kh5 76. Qh1+ Kg6 77. Qc6+
Qf6 78. Qe4+ Qf5 79. Qe8+ Kh6 80. Qc6+ Qg6 81. Qa8 Qh5+ 82. Kf2 Qh4+ 83. Kg1
Qg3+ 84. Kf1 Qf4+ 85. Kg1 Kh5 86. Qh1+ Qh4 87. Qb7 Qg4+ 88. Kf2 Qf5+ 89. Kg1 g4
90. Qh1+ Kg5 91. Qg2 h5 92. Qd2+ Qf4 93. Qd8+ Qf6 94. Qd2+ Kg6 95. Qd3+ Kg5 96.
Qd2+ Kf5 97. Qd3+ Ke6 98. Qa6+ Kf7 99. Qb7+ Kg8 100. Qa8+ Kh7 101. Qe4+ 1/2-1/2

[Event "4NCL/Div3/HAL vs. OXF3"]
[Site "Wokefield Park ENG"]
[Date "2010.05.03"]
[Round "11.6"]
[White "Pattni, Kishan"]
[Black "Asbury, Jon A"]
[Result "1/2-1/2"]
[WhiteElo "1762"]
[BlackElo "1786"]
[PlyCount "78"]
[EventDate "2010.05.03"]
[SourceDate "2009.10.24"]

1. f4 e5 2. fxe5 d6 3. Nf3 dxe5 4. d3 Nc6 5. e4 Bg4 6. Be3 Nf6 7. Be2 Be7 8.
Nbd2 O-O 9. O-O Qd7 10. a3 Rad8 11. Kh1 h6 12. Nc4 Bxf3 13. Rxf3 b5 14. Nd2 Nd4
15. Rg3 Nxe2 16. Qxe2 Kh7 17. Nf3 Qd6 18. Rh3 Ng8 19. g4 c5 20. g5 Qe6 21. Qg2
c4 22. dxc4 bxc4 23. Rg1 g6 24. gxh6 Rd7 25. Bc5 Rfd8 26. Bxe7 Qxe7 27. Ng5+
Kh8 28. Nf3 Rd1 29. Qg5 Qxg5 30. Nxg5 Rxg1+ 31. Kxg1 Rd7 32. Rc3 f6 33. h7 Nh6
34. Ne6 Rd6 35. Rh3 Kxh7 36. Nc7 Rd1+ 37. Kf2 Rd2+ 38. Kg1 Rd1+ 39. Kf2 Rd2+
1/2-1/2